000 00734nam a2200217 a 4500
001 13335
003 BD-JhCC
005 20230830124639.0
008 230830s2020 b& a|||| |||| 000 0 ben d
020 _a9847034211310
035 _a(BD-JhCC)13335
040 _aBD-JhCC
_dBD-JhCC
041 _aben
082 _a925
_bAHM 2020
100 _aআহমেদ, সৈকত
245 _aবিজ্ঞানীদের ছোটোবেলা /
_cসৈকত আহমেদ
260 _aঢাকা :
_bঅবধূত বইঘর,
_c২০২০।
300 _aবিভিন্ন পৃ. :
_bচিত্রাবলী সংযোজিত,
_c২১ সেমি.
650 _aScientist
_vBiography
942 _2ddc
_cBK
999 _c13335
_d13335